00960cam a22002771 4500001001300000003000400013005001700017008004100034010002200075040002900097043001200126050002300138051002500161082001900186100002800205245012100233260004800354300006100402490003600463504002800499650004000527650003800567650002000605830004000625999001700665gs 68000241 DLC20260227111422.0710901s1968 dcuab b 00000 eng c ags 68000241 //r85 aU.S. Geol. Survey. Libr. an-us-me0 aQE75b.B9 no. 1264 aQE661b.P28cCopy 2. a551.73/09741/110aPavlides, Louis,d1921-10aStratigraphic and facies relationships of the Carys Mills Formation of Ordovician and Silurian age, northeast Maine.0 aWashington,bU.S. Govt. Print. Off.,c1968. aiv, 44 p.billus., maps (1 fold. col. in pocket)c24 cm.1 aGeological Survey bulletin 1264 aBibliography: p. 39-40. 0aGeology, StratigraphicyOrdovician. 0aGeology, StratigraphicySilurian. 0aGeologyzMaine. 0aGeological Survey bulletin ;v1264. c30469d30469